Normal view
MARC view
- SOLID STATE PHYSICS-INTRODUCTION
Entry Topical Term
001 - CONTROL NUMBER
- control field: 58207
003 - CONTROL NUMBER IDENTIFIER
- control field: NUST
005 - DATE AND TIME OF LATEST TRANSACTION
- control field: 20210628202100.0
008 - FIXED-LENGTH DATA ELEMENTS
- fixed length control field: 210628|| aca||aabn | a|a d
040 ## - CATALOGING SOURCE
- Original cataloging agency: NUST
- Transcribing agency: NUST
150 ## - HEADING--TOPICAL TERM
- Topical term or geographic name entry element: SOLID STATE PHYSICS-INTRODUCTION
670 ## - SOURCE DATA FOUND
- Source citation: Work cat.: (NUST): Kittel, Charles 34447, Introduction to solid state physics, 2002
